| 000 | 01147cam a22003257a 4500 | ||
|---|---|---|---|
| 003 | CHAP | ||
| 005 | 20220817041046.0 | ||
| 008 | 971013s1995 r 00010 d | ||
| 010 | _a5530 | ||
| 011 | _a6502 | ||
| 035 | _a5722 | ||
| 040 | _cCHAP | ||
| 100 | 0 | 0 | _aAranda Osorio, Gilberto. |
| 245 | 1 | 4 | _aThe effect of oestradiol-17B (compudose) on liveweight gain, herbage intake and circulating hormone concentrations in steers at pasture |
| 260 |
_aMassey, New Zealand : _bThe author, _c1995 |
||
| 300 | _a75 h. | ||
| 500 | _aFotocopia | ||
| 500 | _aThesis (Master of Agr. Sc. in Animal Science) -- Massey University | ||
| 590 |
_aBATCH-UPD _b10 _c20130110 _lUCH01 _h1645 |
||
| 590 |
_aBATCH-UPD _b10 _c20130410 _lUCH01 _h1035 |
||
| 590 |
_aBATCH-UPD _b10 _c20130914 _lUCH01 _h1525 |
||
| 590 |
_aCONVERSION _b10 _c20130109 _lUCH01 _h1304 |
||
| 650 | 1 | 4 |
_aGanado vacuno _xPastoreo. _945502 |
| 650 | 1 | 4 |
_aGanado vacuno _xPeso. _945504 |
| 650 | 1 | 4 |
_aHormonas _xEfecto en animales domésticos. _956236 |
| 901 | _aBK | ||
| 942 | _cFOLL | ||
| 949 |
_bBC _cTES _d-151992 _eTS1 _h30626 _i5722 _si |
||
| 949 |
_bBC _cTES _d33724000608436 _eTS2 _fc.2 _h30627 _i5722 _si |
||
| 999 |
_c5530 _d5530 |
||